000 00729nam a22001937a 4500
003 OSt
005 20141205213002.0
008 141117b xxu||||| |||| 00| 0 eng d
020 _a978-99923-942-3-6
040 _cBMC
082 _a612.664
245 0 0 _aPrevalencia, factores de riesgo e historial de lactancia materna exclusiva asociados al síndrome metabólico en adolescentes escolarizados en Centros Públicos de Educación media de El Salvador
_cInvestigadores, Mildred Amparo Sandoval...[et al.]
250 _a1ª ed
260 _aSan Salvador
_bUniversidad Doctor Andrés Bello
_c2012
300 _a113 p.
_c27 cm
650 2 4 _92738
_aLactancia materna
700 1 _99912
_aSandoval, Mildred Amparo
942 _2ddc
_cBK
999 _c15840
_d15840